LEADER 02015nam a2200421 a 4500 001 000000017709 003 CaOOAMICUS 005 20130327105946.0 008 941010s1984 it u000 u ita r 020 $a8816401370 035 $a10412636 040 $aPUL(R)$bita 041 1 $aita$hlat 100 0 $aIohannes Sarisberiensis,$cvesc. di Chartres,$d1110/1120-1180/1182.$0(OLS)http://pul/name/5159 240 10$aPolycraticus.$lItaliano.$0(OLS)http://pul/title/168529 245 10$aPolicraticus :$bl'uomo di governo nel pensiero medievale /$cGiovanni di Salisbury ; presentazione di Maria Teresa Fumagalli Beonio-Brocchieri ; introduzione di Luca Bianchi. 260 $aMilano :$bJaca Book,$c1984. 300 $a298 p. ;$c23 cm 490 1 $aBiblioteca di cultura medievale 490 1 $aDi fronte e attraverso ;$v137 504 $a"Nota bibliografica": p. 29-31. 650 4$aFilosofia politica$xSec. XII.$0(OLS)http://pul/subject/12433 700 1 $aBianchi, Luca,$d1957-$0(OLS)http://pul/name/15902 700 1 $aFumagalli Beonio Brocchieri, Mariateresa,$d1933-$0(OLS)http://pul/name/2070 830 0$aDi fronte e attraverso ;$v137.$0(OLS)http://pul/title/138 830 0$aBiblioteca di cultura medievale.$0(OLS)http://pul/title/2253 850 $aPUL 852 $aPUL$W1$xDP1 Cons. Gen., Altre Classi 1$y22$m45 M 59$j24958$nBK-PRI$b $qStampati$B24958$CPULBib$Z2$F24958 $H $81 852 $aPUL$W1$xDP1 Fondo E. Rossi$y115$m1 J 40$j153272$qFondi$B152823$CPULBib$Z2$F152823 $HE004015019 $82 900 $aGiovanni di Salisbury,$d1110/1120-1180/1182$95159 941 1 $a8 941 1 $a1 961 $aINV: 53609 961 $aSul dorso collocazione ms. di E. Rossi: J 20 996 $6020$a8816401370$9(OLS)http://pul/number/22805 996 $6245$aPolicraticus :$bl'uomo di governo nel pensiero medievale$9(OLS)http://pul/title/25336 996 $6260$aMilano :$bJaca Book$9(OLS)http://pul/publisher/47900 LEADER 01755namaa2200373 i 4500 001 000000177770 003 CaOOAMICUS 005 20250519161025.0 008 250519s2024 it u000 u ita r 020 $a978-88-08-22045-5* 032 $aLibriCat 040 $aPUL$bita 082 00$a346.45077 100 1 $aRomagno, Giuseppe Werther,$d1969-,$eautore.$0(OLS)http://pul/name/114387 245 10$aDella cessione dei crediti :$bart.1260-1267 /$cGiuseppe Werther Romagno. 260 $aBologna :$bZanichelli,$cİ2024. 300 $aXXV, 379 pagine ;$c25 cm 336 $atesto$btxt$2rdacontent 337 $asenza mediazione$btxt$2rdamedia 338 $avolume$bnc$2rdacarrier 490 1 $aCommentario del Codice civile Scialoja-Branca.$aLibro quarto, Delle obbligazioni$aart. 1260-1267 504 $aContiene riferimenti bibliografici e indice. 610 14$aItalia.$tCodice civile.$0(OLS)http://pul/subject/33991 650 4$aCessione dei crediti- legislazione$zItalia.$0(OLS)http://pul/subject/46991 650 4$aDiritto civile$zItalia.$0(OLS)http://pul/subject/3770 830 0$aCommentario del Codice civile Scialoja-Branca.$nLibro quarto,$pDelle obbligazioni ;$vart. 1260-1267.$0(OLS)http://pul/title/54660 850 $aPUL 852 $aPUL$W1$xSL Diritto e Scienze Sociali 3$y79$m346. 45 COLL 7.1260$j201690$qDDC 21$B206740$CPULBib$Z2$F206740 $H137872 $82 941 1 $a9 996 $6020$a978-88-08-22045-5*$9(OLS)http://pul/number/170361 996 $6082$a346.45077$9(OLS)http://pul/classification/3029 996 $6245$aDella cessione dei crediti :$bart.1260-1267$9(OLS)http://pul/title/219311 996 $6260$aBologna :$bZanichelli$9(OLS)http://pul/publisher/48255